Music Quiz

Random Music or Clickable Quiz

Songs with really long titles Quiz Stats

 Plays Quiz not verified by Sporcle

Score 0/15 Timer 05:00
0 Plays Today
% Correct
REM
91.8%
the Beatles
78.7%
the Smiths
59.8%
Panic! At the Disco
54.8%
Pink Floyd
53.6%
Buzzcocks
51.7%
Fall Out Boy
48.5%
Primitive Radio Gods
48.3%
% Correct
Arctic Monkeys
46.1%
Pearl Jam
44.3%
Louis Jordan
42.3%
Charles Mingus
37.1%
Don Caballero
23.7%
the Eels
22.7%
Maserati
19.6%

You're not logged in!

Compare scores with friends on all Sporcle quizzes.
OR
Log In

Sporcle TV

Today on Sporcle TV


Watch our educational content, quiz creation guides, and fun videos on Sporcle TV.

Show Comments

Extras

Top Quizzes Today


Score Distribution

Your Account Isn't Verified!

In order to create a playlist on Sporcle, you need to verify the email address you used during registration. Go to your Sporcle Settings to finish the process.

Report this User

Report this user for behavior that violates our Community Guidelines.

Details: